Prat de la Riba / Alberto y Arturo García Carraffa ; con un prólogo de Francisco Cambó
Descripción Física:
XII, 274 p. ; 20 cm
MARC
| LEADER | 00000nam a2200000Ia 4500 | ||
|---|---|---|---|
| 001 | 680 | ||
| 008 | 160829s1917 xx 000 0 cat d | ||
| 080 | |a M-2-302 | ||
| 100 | |a García Carraffa, Alberto |9 30652 | ||
| 245 | |a Prat de la Riba / Alberto y Arturo García Carraffa ; con un prólogo de Francisco Cambó | ||
| 260 | |a Barcelona : |b (Imp. Hijos de Domingo Casanovas), |c 1917 | ||
| 300 | |a XII, 274 p. ; |c 20 cm | ||
| 590 | |a Abans del títol: Españoles ilustres. | ||
| 590 | |a Hi ha un duplicat a: DUP-227 | ||
| 600 | 0 | |a Prat de la Riba, Enric, |d 1870-1917 |9 25299 | |
| 650 | |a Polítics |x Catalunya |x S. XIX/XX |x Biografia |9 33223 | ||
| 651 | 0 | |a Catalunya |x Política i govern |9 53682 | |
| 700 | |a García Carraffa, Arturo |9 30655 | ||
| 700 | 1 | |a Cambó, Francesc, |d 1876-1947 |e autor del pròleg |9 26464 | |
| 901 | |a Arxiu | ||
| 942 | |n 1 |2 udc | ||
| 952 | |0 0 |1 0 |4 0 |6 M2302 |7 1 |9 45472 |a Arxiu |b Arxiu |d 2016-12-01 |l 0 |o M-2-302 |p 680 |r 2016-12-01 00:00:00 |w 2016-12-01 |y ARXIU | ||
| 999 | |c 48637 |d 48637 | ||